[Event "IOM Open-Masters 2017"]
[Site "Douglas"]
[Date "2017.09.28"]
[Round "6"]
[White "L'Ami, Erwin"]
[Black "Brown, Michael William"]
[Result "1-0"]
[WhiteElo "2611"]
[BlackElo "2499"]
[Annotator "TA"]
[PlyCount "117"]
[EventDate "2017.??.??"]
[EventType "swiss"]
[EventCountry "GBR"]
[SourceTitle "playchess.com"]
[Source "ChessBase"]
[SourceQuality "1"]

{[%evp 12,117,33,-22,33,35,40,32,50,39,50,19,24,11,14,11,6,0,0,0,0,0,0,0,10,8,10,8,0,0,0,0,17,14,18,16,34,4,16,12,12,20,15,20,14,14,45,44,45,0,9,14,17,17,47,41,56,0,0,0,46,46,46,46,46,46,106,8,8,8,8,8,8,8,8,8,8,8,8,8,8,8,8,0,0,0,0,0,0,0,0,0,0,8,8,8,8,8,29983,29984,29984,29985,29985,29986,29986,29987,29987,29988]} 1. c4 Nf6 2. Nc3 e6 3. e4 d5 4. cxd5 exd5 5. e5 Ne4 6. Nf3 Nc6 {A18: English Opening: Flohr-Mikenas System (1 c4 Nf6 2 Nc3 e6 3 e4)} (6... Bf5 7. Be2 Be7 8. O-O Nc6 9. d3 Nxc3 10. bxc3 O-O 11. d4 Qd7 12. Bd3 Na5 13. Re1 Nc4 14. Rb1 Bxd3 15. Qxd3 {1-0 (45) Caruana,F (2808)-So,W (2812) Paris 2017}) 7. Be2 {LiveBook: 3 Games} (7. Bb5 $14) 7... Bg4 ({Black should play} 7... d4 $11 8. Nxe4 d3) 8. O-O $146 ({Predecessor:} 8. d4 Bb4 9. Bd2 Nxd2 10. Qxd2 O-O 11. O-O Qd7 12. a3 Ba5 13. b4 Bb6 14. b5 {½-½ (44) Kullac,P-Gaspar,M Slovakia 2001}) 8... Be7 {White is slightly better.} 9. d4 O-O 10. Be3 f6 11. exf6 Bxf6 12. Qb3 {Nxe4 is the strong threat.} Nxc3 13. bxc3 Na5 14. Qa4 c6 15. Rae1 Bxf3 16. Bxf3 Nc4 17. Bc1 a5 18. Be2 b5 19. Qc2 Qd7 20. Bd3 g6 21. g3 Rae8 22. Kg2 Rxe1 23. Rxe1 Re8 24. Rh1 Qf7 25. h4 b4 26. h5 {[%cal Rh5g6]} g5 27. cxb4 axb4 28. Rd1 Kh8 29. Bf5 Rf8 30. Bg4 h6 31. Kh3 Bg7 32. f4 gxf4 33. Bxf4 Re8 34. Qc1 (34. Qg6 $14 Qxg6 35. hxg6) 34... Re4 $11 35. Re1 Bxd4 (35... Qe7 $5 {[%cal Re4e1]} 36. Rxe4 Qxe4 $11) 36. Rxe4 dxe4 37. Qb1 Qe7 38. Qc2 Ne3 {[#]} (38... Bc3 $14) 39. Qxc6 ({Better is} 39. Bxe3 $1 $16 Bxe3 40. Qb2+ Qg7 41. Qxb4) 39... Nxg4 40. Kxg4 Bg7 41. Bxh6 Bxh6 42. Qxh6+ {[%mdl 4096] Endgame KQ-KQ} Kg8 43. Qg6+ Kh8 $1 44. h6 Qd7+ $1 45. Kh4 Qd8+ 46. Kh3 {[%csl Gh6][%cal Rg6g7]} Qd7+ 47. Qg4 Qe7 {[#]} 48. Qg7+ $1 {[%mdl 512]} Qxg7 49. hxg7+ Kxg7 {KPP-KPP} 50. Kg4 Kg6 51. Kf4 Kh5 $1 52. Kxe4 {aiming for Kf5. KPP-KP} Kg4 53. Kd4 Kxg3 {KP-KP} 54. Kc4 Kf4 $2 {[%mdl 8192]} (54... Kg4 $11) 55. Kxb4 {White mates.} Ke5 56. Kc5 Ke6 57. Kc6 Ke7 58. a4 Kd8 59. Kb7 {Precision: White = 69%, Black = 55%.} 1-0

[Event "IOM Open-Masters 2017"]
[Site "Douglas"]
[Date "2017.09.28"]
[Round "6"]
[White "Bindrich, Falko"]
[Black "Neelotpal, Das"]
[Result "1-0"]
[WhiteElo "2598"]
[BlackElo "2448"]
[Annotator "TA"]
[PlyCount "49"]
[EventDate "2017.??.??"]
[EventType "swiss"]
[EventCountry "GBR"]
[SourceTitle "playchess.com"]
[Source "ChessBase"]
[SourceQuality "1"]

{[%evp 9,49,12,33,34,59,55,60,63,55,16,25,29,37,33,66,0,163,193,207,206,205,164,233,231,242,247,249,249,244,225,226,242,442,446,492,502,494,512,504,500,474,457]} 1. d4 d5 2. c4 dxc4 3. e4 b5 4. a4 c6 5. Nc3 a6 6. axb5 {D20: Queen's Gambit Accepted: 3 e3 and 3 e4} cxb5 {[#]} 7. Nxb5 $1 {[%mdl 512]} axb5 8. Rxa8 {White is slightly better.} Bb7 9. Ra1 {b3 is the strong threat.} (9. Ra2 e6 10. Ne2 Bxe4 11. b3 Nf6 12. bxc4 bxc4 {½-½ (45) Ding,L (2766)-Ponomariov,R (2712) Huaian 2016}) 9... e6 $1 10. f3 {Hoping for Kf2.} f5 11. exf5 {And now Ne2 would win.} Ne7 12. Bg5 ({Better is} 12. Ra7 $14 Qb6 13. Rxb7 Qxb7 14. fxe6) 12... Qd5 $146 {[#]} (12... h6 $11 13. Bh4 (13. fxe6 $2 hxg5 14. Ne2 Nf5 $19) 13... Qd5) ({Predecessor:} 12... h6 13. Bh4 Qd5 14. Ne2 Nxf5 15. Nc3 Bb4 16. Bf2 Nc6 17. Be2 Ncxd4 18. O-O Qc6 19. Kh1 {½-½ (19) Lalic,B (2483)-Englert,F (2305) Budapest 2015}) 13. b3 $1 $18 {[%cal Rb3c4]} Nec6 14. bxc4 bxc4 15. Rc1 {[%cal Ba1c1,Bc1c2,Bc2d2][%mdl 32]} c3 (15... Ba6 {was worth a try.} 16. Ne2 Ba3) 16. Ne2 (16. Rxc3 Bb4) 16... Qxf5 17. Be3 Ba3 18. Rc2 ({Much less strong is} 18. Rxc3 Bb4) ({Don't take} 18. Nxc3 $6 Bxc1 19. Qxc1 O-O) 18... O-O 19. Nxc3 Nb4 20. Rd2 {Strongly threatening Qa4.} Rc8 $2 (20... Qa5 21. Qa1 Nd5) 21. Qb3 {White is clearly winning.} Qa5 22. Bc4 Bd5 23. Bxd5 Nxd5 24. Nxd5 exd5 25. O-O {Precision: White = 76%, Black = 54%.} 1-0

[Event "IOM Open-Masters 2017"]
[Site "Douglas"]
[Date "2017.09.28"]
[Round "6"]
[White "Huschenbeth, Niclas"]
[Black "Almasi, Zoltan"]
[Result "0-1"]
[WhiteElo "2596"]
[BlackElo "2707"]
[Annotator "TA"]
[PlyCount "72"]
[EventDate "2017.??.??"]
[EventType "swiss"]
[EventCountry "GBR"]
[SourceTitle "playchess.com"]
[Source "ChessBase"]
[SourceQuality "1"]

{[%evp 9,72,-29,0,0,0,-13,0,-25,0,0,0,-53,0,0,0,0,51,49,41,48,108,95,92,90,95,0,47,0,0,0,0,0,0,0,0,0,0,-138,-130,-132,-162,-128,-129,-185,-186,-195,-184,-419,-423,-497,-483,-494,-500,-512,-537,-545,-540,-543,-525,-510,-485,-780,-781,-1306,-1282]} 1. e4 e5 {[%cal Be7e5,Be5f4][%mdl 32]} 2. f4 exf4 3. Nf3 h6 4. d4 g5 5. Nc3 Bg7 6. g3 {C37: King's Gambit Accepted: Muzio Gambit} fxg3 7. hxg3 d6 8. Be3 {The position is equal.} Nc6 9. Qd2 Bg4 10. Nh2 $146 ({White should try} 10. Bg2 $11) ({Predecessor:} 10. Bg2 Nge7 11. O-O-O Qd7 12. Rdf1 f5 {½-½ (48) Nielsen,P (2654)-Krnan,T (2440) Berlin 2015}) 10... Bd7 (10... Bh5 $1 $15) 11. O-O-O $11 Nf6 12. Bd3 Ng4 ({Black should play} 12... a6 $11) 13. Nxg4 $14 Bxg4 14. Rdf1 O-O (14... Qd7 $14) 15. Nd5 $16 f6 ({Wrong is} 15... Nxd4 $2 16. Bxd4 Bxd4 17. Rxh6 $18) 16. Bc4 Be6 17. Bb3 (17. Qe2 $16) 17... a5 18. Nxc7 (18. Qc3 $5 {[%cal Rd5c7]} Bf7 19. Bd2 $11) 18... Bxb3 19. Nxa8 Bc4 $1 {[%cal Rc4f1]} 20. d5 Ne7 {[%cal Bc6e7,Be7g6,Bg6e5,Be5g4][%mdl 32]} 21. Nb6 Bxf1 22. Rxf1 f5 $36 {[%mdl 2048] Black is pushing.} 23. Re1 (23. Qd3 $11 {remains equal.}) 23... fxe4 $17 24. g4 {[#]} Ng6 $1 25. Qxa5 Ne5 26. Kb1 (26. Qb4 $17) 26... Nxg4 $19 27. Bc1 Ne5 28. Qb5 $2 (28. Qb4) 28... g4 29. Nc4 {Black is clearly winning.} Qh4 30. Rxe4 Qh1 {[#] Threatens to win with ...Rf1.} 31. Rxe5 dxe5 32. Ne3 g3 {White must now prevent ...g2.} 33. d6 g2 34. Qd5+ Kh8 35. Nxg2 (35. Qxg2 $142 Qxg2 36. Nxg2) 35... Rf1 {[%csl Gh1][%cal Rf1c1]} 36. Qd2 Rd1 {Precision: White = 56%, Black = 64%.} 0-1

[Event "IOM Open-Masters 2017"]
[Site "Douglas"]
[Date "2017.09.28"]
[Round "6"]
[White "Svane, Rasmus"]
[Black "Batsiashvili, Nino"]
[Result "0-1"]
[WhiteElo "2595"]
[BlackElo "2472"]
[Annotator "TA"]
[PlyCount "92"]
[EventDate "2017.??.??"]
[EventType "swiss"]
[EventCountry "GBR"]
[SourceTitle "playchess.com"]
[Source "ChessBase"]
[SourceQuality "1"]

{[%evp 17,92,0,0,2,2,-4,-9,-28,-21,-21,-21,-21,-10,-51,-59,-47,-55,-66,-66,-52,-62,-66,-68,-79,-91,-89,-73,-83,-79,-77,-70,-63,-61,-123,-122,-127,-65,-185,-133,-210,-189,-233,-222,-320,-319,-271,-293,-324,-317,-305,-310,-284,-295,-300,-276,-493,-463,-585,-589,-569,-564,-1474,-1453,-1374,-1370,-1195,-1179,-1144,-1120,-1008,-1008,-996,-925,-11533,-11533,-29947,-29944]} 1. Nf3 d5 2. g3 Nf6 3. Bg2 e6 4. O-O c5 5. c4 Nc6 6. cxd5 exd5 7. d4 Be7 8. b3 Ne4 9. Bb2 Bf6 10. Nbd2 {D30: Queen's Gambit Declined: Systems without Nc3} Bf5 $146 ({Predecessor:} 10... cxd4 11. Nxe4 dxe4 12. Nd2 e3 13. fxe3 O-O 14. Bxc6 bxc6 15. Ne4 Be7 16. exd4 Re8 17. Nf2 Ba6 18. Ne4 Bg5 19. Nxg5 Qxg5 20. Rf2 Re6 21. Qc2 Rae8 {½-½ (30) Sorokin,M (2572)-Totsky,L (2524) Tula 2000}) 11. Nxe4 dxe4 12. Nd2 {[%cal Bf3d2,Bd2c4,Bc4d6][%mdl 32] The position is equal.} Bxd4 13. Bxd4 Qxd4 14. e3 Qd3 15. Qc1 O-O-O $1 16. Rd1 Rhe8 {...Bg4 is the strong threat.} 17. Nc4 Qxd1+ 18. Qxd1 Rxd1+ 19. Rxd1 Kc7 20. Nd6 Rd8 $36 {[%mdl 2048] Black is in control.} 21. Nb5+ Kb6 22. Rxd8 Nxd8 $17 {[%mdl 4096] Endgame KBN-KBN} 23. Nd6 Bg6 $1 24. Nxe4 Kb5 25. a3 (25. f4 $15) 25... Bxe4 $1 26. Bxe4 {KB-KN} c4 $1 {[%cal Rc4b3]} 27. Bc2 (27. Bd5 $1 $15) 27... a5 (27... Ne6 $19 28. Kf1 g6) 28. f4 (28. Bd1 $17) 28... h6 29. Kf2 Ne6 $1 30. Ke2 {[#]} (30. e4 $142 Nd4 31. bxc4+ Kxc4 32. Bb1) 30... Nc5 $1 $19 31. bxc4+ Kxc4 32. Kd2 Nb3+ 33. Ke2 Kc3 34. Be4 Nc5 35. Bd5 f6 36. h4 $2 (36. a4) 36... b5 {[%cal Bb7b5,Bb5b4][%mdl 32]} 37. Kf3 a4 {[%cal Ba5a4,Ba4a3][%mdl 32]} 38. e4 Kd4 39. Bc6 {[#]} b4 $1 {[%mdl 512]} 40. axb4 a3 41. Bd5 Nxe4 42. Ba2 Nc3 43. Bb3 Nb5 44. Ba2 f5 45. h5 Kc3 46. Ke3 Nd4 {Precision: White = 36%, Black = 100%.} 0-1

[Event "IOM Open-Masters 2017"]
[Site "Douglas"]
[Date "2017.09.28"]
[Round "6"]
[White "Sunilduth Lyna, Narayanan"]
[Black "Adhiban, B.."]
[Result "1-0"]
[WhiteElo "2568"]
[BlackElo "2670"]
[Annotator "TA"]
[PlyCount "129"]
[EventDate "2017.??.??"]
[EventType "swiss"]
[EventCountry "GBR"]
[SourceTitle "playchess.com"]
[Source "ChessBase"]
[SourceQuality "1"]

{[%evp 19,129,9,25,20,29,8,20,20,22,20,28,20,33,27,39,25,22,33,25,12,26,-18,0,9,24,27,133,127,131,149,169,160,213,216,215,209,194,200,215,206,184,172,160,166,323,307,314,311,293,291,242,190,217,0,206,0,219,217,199,194,130,118,103,107,107,81,192,187,155,167,160,192,191,203,193,199,192,177,191,181,170,152,160,156,189,190,293,293,334,321,311,322,326,327,309,317,425,427,430,431,493,479,597,597,946,937,932,931,834,797,5102,5102]} 1. d4 Nf6 2. c4 e6 3. Nf3 b6 4. g3 Ba6 5. Qc2 c5 6. d5 {E15: Queen's Indian: 4 g3 sidelines, 4 g3 Ba6 and 4 g3 Bb7 early deviations} exd5 7. cxd5 Bb7 8. Bg2 Nxd5 9. O-O Be7 10. Rd1 Qc8 {LiveBook: 125 Games} 11. a3 Nc7 12. Nc3 Ne6 $146 ({Predecessor:} 12... d5 13. Bf4 O-O 14. Bxc7 Qxc7 15. Rxd5 {½-½ (40) Gelfand,B (2756)-Almasi,Z (2685) Lugo 2009}) 13. Nd5 Bxd5 14. Rxd5 Nc6 15. Bf4 O-O 16. Rad1 (16. Rh5 g6 $15) 16... Nxf4 17. gxf4 Qc7 18. e3 Rad8 19. h4 d6 20. R1d2 Bf6 21. Ng5 $40 {[%csl Gg5][%cal Rc2h7][%mdl 128] White attacks.} g6 22. Qd1 Ne7 (22... Kh8 $11 {keeps the balance.}) 23. Rxd6 $16 Rxd6 24. Rxd6 Bd4 25. Ne4 Nf5 {[#]} (25... Nc8 $16 {is a better defense.} 26. Rxd4 cxd4) 26. Rd7 $1 $18 {[%cal Rd7c7][%mdl 512]} Qxd7 {[#]} 27. Nf6+ $1 {[%mdl 512]} Bxf6 28. Qxd7 Rd8 29. Qxa7 Rd1+ 30. Bf1 Bxh4 31. e4 $1 {[%cal Re4f5]} (31. Qxb6 Rd2 $11) 31... Nd4 $2 (31... Nd6 32. e5 (32. Qxb6 Nxe4 33. Kg2 Kg7 $16) 32... Nf5 33. Qxb6 Rd2) 32. Kg2 $1 (32. Qxb6 Ne2+ 33. Kg2 Nxf4+ 34. Kf3 Rxf1 $16) 32... Rc1 33. Bd3 (33. Qxb6 $6 Rc2 $18) 33... Kg7 34. Qxb6 Ne6 35. Kf3 Nd4+ 36. Kg2 Ne6 $1 {[%cal Re6f4]} 37. Kf3 Nd4+ 38. Ke3 Re1+ 39. Kd2 Bxf2 (39... Nf3+ $18 40. Kc2 Bxf2) 40. Qb7 Nf3+ 41. Kc2 $1 {And now e5 would win.} Nd4+ 42. Kc3 Rc1+ (42... Rd1 $16) 43. Kd2 Rg1 {[#] ( -> ...Be1+)} 44. e5 $1 Bg3 {[#]} 45. Bc4 $1 Bxf4+ 46. Kd3 Bxe5 47. Qxf7+ Kh6 48. Qf8+ {[%mdl 1024] White has strong compensation.} Kg5 49. Qe7+ (49. Qxc5 $6 Rd1+ 50. Kc3 Kf4) 49... Kf4 50. Qh4+ ({Inferior is} 50. Qxh7 Rg3+ 51. Kd2 Rg2+ 52. Kd3 Rg3+ 53. Kd2 Rg2+ 54. Kd3 Rg3+ $11) 50... Rg4 51. Qh6+ ({Stronger than} 51. Qxh7 Rg3+ 52. Kd2 Rg2+ 53. Kc1 Rg1+ 54. Kd2 Rg2+ 55. Kd3 Rg3+ 56. Kd2 Rg2+ $11) 51... Kf5 {Hoping for ...Rg3+.} 52. Bd5 ({Weaker is} 52. Qxh7 Rg3+ 53. Kd2 Rg2+ 54. Kd3 Rg3+ 55. Kd2 Rg2+ 56. Kd3 Rg3+ $11) 52... Kf6 (52... Ne6 {might work better.}) 53. Qxh7 Kg5 54. Qe7+ Kf4 55. Qxc5 Rg1 {Threatens to win with ...Rd1+.} 56. Qf8+ Nf5 57. Kc2 Kg5 {intending ...Ne3+.} 58. Be4 {White is clearly winning.} Nd4+ 59. Kd3 Rd1+ 60. Kc4 Ne2 61. Qe7+ Bf6 62. Qc5+ Kg4 63. Qe3 Ng1 64. Bd3 Bg5 65. Be2+ {Precision: White = 88%, Black = 49%.} 1-0

[Event "IOM Open-Masters 2017"]
[Site "Douglas"]
[Date "2017.09.28"]
[Round "6"]
[White "Donchenko, Alexander"]
[Black "Short, Nigel D"]
[Result "1/2-1/2"]
[WhiteElo "2559"]
[BlackElo "2698"]
[Annotator "TA"]
[PlyCount "61"]
[EventDate "2017.??.??"]
[EventType "swiss"]
[EventCountry "GBR"]
[SourceTitle "playchess.com"]
[Source "ChessBase"]
[SourceQuality "1"]

{[%evp 13,61,11,39,35,16,26,31,17,43,39,41,45,39,26,25,28,21,18,26,19,25,18,21,14,20,5,23,11,12,6,18,0,0,0,0,0,9,0,0,0,0,0,0,0,0,0,0,0,0,0]} 1. d4 e6 2. c4 Nf6 3. Nc3 Bb4 4. Qc2 d5 5. cxd5 exd5 6. Bg5 Be6 7. e3 {E35: Nimzo-Indian: Classical: 4...d5 5 cxd5 exd5} Nbd7 {LiveBook: 3 Games} 8. a3 Bxc3+ 9. Qxc3 h6 $146 ({Predecessor:} 9... Bf5 10. f3 c6 11. g4 Bg6 12. Ne2 h5 13. gxh5 Bxh5 14. Bg2 Nf8 15. Qb4 Ne6 16. Bxf6 Qxf6 17. Qxb7 O-O 18. O-O Rab8 19. Qxc6 Rxb2 20. Ng3 Rxg2+ 21. Kxg2 Nf4+ {0-1 (21) Martynov,P (2410)-Kovalenko,I (2656) Cappelle-la-Grande 2015}) 10. Bh4 Rc8 11. Bd3 Ne4 12. Bxd8 Nxc3 13. Bh4 Ne4 14. Ne2 g5 15. Bg3 Nxg3 16. Nxg3 c5 17. dxc5 Nxc5 18. Rd1 O-O 19. h4 d4 20. exd4 Nxd3+ {The position is equal.} 21. Rxd3 Rc1+ 22. Rd1 Rxd1+ 23. Kxd1 $11 {[%mdl 4096] Endgame KRB-KRN} Rd8 24. Ne2 Bc4 $1 25. hxg5 hxg5 26. Rh5 f6 27. Rh3 Bxe2+ 28. Kxe2 Rxd4 29. Rd3 Re4+ 30. Re3 Rc4 31. Kd3 {Precision: White = 47%, Black = 64%.} 1/2-1/2

[Event "IOM Open-Masters 2017"]
[Site "Douglas"]
[Date "2017.09.28"]
[Round "6"]
[White "Kosteniuk, Alexandra"]
[Black "Trent, Lawrence"]
[Result "1-0"]
[WhiteElo "2552"]
[BlackElo "2427"]
[Annotator "TA"]
[PlyCount "89"]
[EventDate "2017.??.??"]
[EventType "swiss"]
[EventCountry "GBR"]
[SourceTitle "playchess.com"]
[Source "ChessBase"]
[SourceQuality "1"]

{[%evp 20,89,34,29,35,39,47,47,43,40,89,97,91,66,75,61,77,56,62,45,47,22,22,16,41,43,30,36,68,27,49,46,54,54,69,60,78,33,33,36,47,40,49,0,160,160,219,234,233,231,317,329,322,325,318,323,315,291,366,356,597,594,593,587,581,581,561,552,547,493,487,441]} 1. e4 e6 2. d4 d5 3. Nc3 Nf6 4. e5 Nfd7 5. f4 c5 6. Nf3 Nc6 7. Be3 a6 8. Qd2 Be7 9. Bd3 {C11: French: Classical System: 4 e5 and 4 Bg5 dxe4} b5 10. a3 Bb7 11. O-O {LiveBook: 3 Games. White is slightly better.} Qb6 {[%cal Rc5d4]} (11... O-O 12. Kh1 f5 13. Qf2 Rc8 14. Rg1 b4 15. axb4 Nxb4 16. g4 g6 17. gxf5 Nxd3 18. cxd3 Rxf5 {0-1 (40) Kasparov,G (2812)-Caruana,F (2807) Saint Louis 2017}) 12. dxc5 Bxc5 13. Bxc5 Nxc5 {[#]} 14. Qf2 $146 ({Predecessor:} 14. Kh1 d4 15. Ne4 Nxe5 16. fxe5 Nxe4 {1-0 (33) Kosintseva,T (2581)-Matveeva,S (2389) Moscow 2010}) 14... Na4 15. Nxa4 Qxf2+ 16. Rxf2 {Threatens to win with Nc5.} bxa4 17. c3 Ne7 18. Rb1 O-O 19. Bc2 Bc6 20. Rd2 Bb5 21. Nd4 Bd7 22. Rf1 Rab8 23. Rff2 Rb6 24. Kf1 f6 25. Ke1 g6 26. Bb1 Kg7 27. Kd1 Ng8 28. Kc1 fxe5 29. fxe5 Rxf2 30. Rxf2 Nh6 31. Rf4 g5 $2 {[#]} ({Better is} 31... Nf7 $11) 32. Rf6 $1 $16 Ng8 {[#]} (32... Ng4 $16) 33. Nf5+ $1 $18 {[%mdl 512]} Kh8 (33... exf5 34. Rxb6) 34. Rf7 exf5 35. Rxd7 {[%mdl 4096] Endgame KRB-KRN} Nh6 36. Rxd5 Kg7 37. Rd7+ Kg6 38. Ba2 Ng4 39. Bf7+ Kh6 $2 (39... Kg7 {was worth a try.}) 40. Rd6+ {White is clearly winning.} Rxd6 41. exd6 Ne5 42. Be6 Kg6 43. d7 Nc6 44. Bd5 Nd8 45. c4 {Precision: White = 65%, Black = 41%.} 1-0

[Event "IOM Open-Masters 2017"]
[Site "Douglas"]
[Date "2017.09.28"]
[Round "6"]
[White "Vishnu Prasanna  V"]
[Black "Kasimdzhanov, Rustam"]
[Result "0-1"]
[WhiteElo "2543"]
[BlackElo "2676"]
[Annotator "TA"]
[PlyCount "94"]
[EventDate "2017.??.??"]
[EventType "swiss"]
[EventCountry "GBR"]
[SourceTitle "playchess.com"]
[Source "ChessBase"]
[SourceQuality "1"]

{[%evp 19,94,16,24,15,17,0,0,0,13,-12,-2,-5,-2,-18,-31,-3,7,12,12,5,32,28,35,33,7,14,35,35,26,32,29,29,35,46,114,50,110,50,46,77,58,0,0,0,0,0,0,0,0,-74,-38,-169,-167,-173,-132,-120,-109,-906,-850,-555,-439,-951,-945,-920,-916,-888,-740,-595,-280,-262,-260,-245,-181,-718,-718,-1030,-1031]} 1. c4 Nf6 2. Nc3 c5 3. Nf3 d5 4. cxd5 Nxd5 5. e3 e6 6. Bc4 Nb6 7. Bb3 Nc6 8. d4 cxd4 9. exd4 Be7 10. O-O {[%cal Bh1f1,Bf1e1,Be1e4][%mdl 32]} O-O 11. Re1 {B22: Sicilian: 2 c3} (11. a3 Bf6 12. Be3 Bd7 13. Qd3 Ne7 14. Rfd1 Bc6 15. Ng5 Ng6 16. h4 Re8 17. g3 Nd5 18. Nce4 Bxg5 19. Bxg5 {0-1 (37) Damljanovic,B (2539)-Predojevic,B (2628) Sarajevo 2010}) 11... Bf6 {[%cal Rc6d4]} 12. Re4 Bd7 $146 ({Predecessor:} 12... Nd5 13. h4 b6 14. Bg5 Bxg5 15. hxg5 Nxc3 16. bxc3 Ne7 17. Ne5 Bb7 18. Re1 Ng6 {1-0 (40) Keitlinghaus,L (2470)-Kaenel,H (2408) Germany 2000}) 13. Ne5 {The position is equal.} Rc8 14. a3 Be8 15. Qg4 Ne7 16. h4 {[%cal Bh2h4,Bh4g5][%mdl 32]} Bc6 17. Nxc6 Rxc6 18. Bg5 Bxg5 19. hxg5 Qc7 20. Rae1 Rd8 21. Qh5 g6 22. Qh3 Nbd5 23. Bxd5 Nxd5 24. Qh6 $1 Nxc3 25. bxc3 Rxc3 {And now ...Rc1 would win.} 26. Rh4 Rd5 (26... f5 $14 27. gxf6 Rf8) 27. Qxh7+ $16 Kf8 {[#]} 28. Qh8+ (28. Re5 $1 $16) 28... Ke7 $14 29. Qf6+ Kd6 30. Re5 ({White should try} 30. g4 $14 Rc4 31. Rh7) 30... Rxe5 $1 $11 31. dxe5+ {[%mdl 4096] Endgame KQR-KQR} Kd5 32. Rb4 {Threatens to win with Qf4.} b6 $40 {[%mdl 128] Threatening ...Rc1+. White needs to defend precisely.} ({But not} 32... Rxa3 $2 33. Qf4 $18) 33. g3 a5 34. Rb2 (34. Rh4 $11) 34... Kc6 ({Of course not} 34... Rxa3 35. Rd2+ Kc4 36. Rc2+ Rc3 37. Qf4+ Kb3 38. Rxc3+ Qxc3 39. Qxf7 $11) (34... Rxg3+ $5 35. fxg3 Qc1+ 36. Qf1 Qxb2 37. Qf3+ Kc5 38. Qxf7 Qxe5 39. Qxg6 Qxg3+ 40. Kf1 Qf3+ 41. Ke1 Kd5 $17) 35. Qf4 ({White should play} 35. Kh2 $15) 35... Kb7 $19 36. a4 Rc1+ 37. Kh2 Qc6 {[%csl Gc1][%cal Rc6h1]} 38. Qxf7+ $2 {[%mdl 8192]} (38. f3 $17) 38... Ka6 {[%csl Gc1][%cal Rc6h1]} 39. f3 {[#]} Qc3 $1 {[%cal Rc3b2]} 40. Rg2 (40. Re2 $142 Qd3 41. Rb2) 40... Qa1 {[%csl Ga1][%cal Rc1h1]} 41. Kh3 Rh1+ 42. Kg4 Qxa4+ 43. Qf4 b5 (43... Qxf4+ $142 44. Kxf4 b5) 44. Qxa4 bxa4 {[%cal Bb5a4,Ba4a3][%mdl 32]} 45. f4 Kb5 {White must now prevent ...a3.} 46. Re2 $2 (46. Kf3) 46... Rf1 47. Kh3 a3 {Precision: White = 47%, Black = 60%.} 0-1

[Event "IOM Open-Masters 2017"]
[Site "Douglas"]
[Date "2017.09.28"]
[Round "6"]
[White "Swapnil, S. Dhopade"]
[Black "Tari, Aryan"]
[Result "1-0"]
[WhiteElo "2532"]
[BlackElo "2588"]
[Annotator "TA"]
[PlyCount "97"]
[EventDate "2017.??.??"]
[EventType "swiss"]
[EventCountry "GBR"]
[SourceTitle "playchess.com"]
[Source "ChessBase"]
[SourceQuality "1"]

{[%evp 22,97,24,24,19,26,37,17,9,8,20,17,19,19,19,19,21,22,25,22,28,16,18,15,15,14,28,0,0,0,30,26,138,116,128,107,118,47,54,62,58,6,18,0,0,0,6,4,69,69,73,66,118,122,122,93,122,122,122,122,136,120,137,0,137,143,1118,1096,795,722,1801,1852,6037,6082,2559,1009,12844,12844]} 1. d4 Nf6 2. c4 g6 3. Nc3 d5 4. cxd5 Nxd5 5. e4 Nxc3 6. bxc3 Bg7 7. Qa4+ Qd7 {D85: Exchange Grünfeld: Unusual White 7th moves and lines with 7 Nf3} 8. Bb5 c6 9. Be2 c5 10. Bb5 Nc6 11. Nf3 O-O 12. O-O {[#] LiveBook: 6 Games. Hoping for d5.} Qc7 13. Bxc6 bxc6 14. Ba3 cxd4 15. cxd4 {[#]} Bg4 $146 16. Ne5 Bxe5 17. dxe5 Qxe5 18. f3 Bc8 19. Qxc6 Qd4+ 20. Kh1 Bd7 21. Qa6 Rfe8 22. Rab1 Rab8 23. h3 h5 24. Qa5 Rxb1 25. Rxb1 Be6 (25... Bxh3 $5 26. gxh3 Qd3 $11) 26. Rb7 Bxa2 (26... Bxh3 $11 27. Kh2 (27. gxh3 Qf2 $11) (27. Qxa7 Qf6 $11) 27... Be6) 27. Bxe7 $16 (27. Qxa7 $6 Qxa7 28. Rxa7 e5 $14) 27... a6 28. Qg5 ({But not} 28. Qxa6 $6 Qa1+ 29. Kh2 Qe5+ 30. Kh1 Qa1+ 31. Kh2 Qe5+ 32. Kh1 Qa1+ $11) 28... Kh7 29. Bf6 (29. Qf4 $16) 29... Qd1+ $14 30. Kh2 {[#] And now Qf4 would win.} Qd6+ $1 31. e5 (31. Kg1 $14) 31... Qc5 32. f4 {Threatening mate with f5.} Qc2 33. Ra7 $40 {[%mdl 128] Black needs to defend precisely.} Qd3 34. Qg3 Qxg3+ (34... Qf1 $1 $11) 35. Kxg3 $11 {[%mdl 4096] Endgame KRB-KRB} Bc4 36. Kh4 Kg8 (36... Kh6 $14) 37. Kg5 Rc8 38. g3 Kf8 39. g4 hxg4 40. hxg4 Rb8 41. Rc7 Bb3 42. Ra7 Bc4 $1 43. Be7+ Kg7 $2 {[%mdl 8192]} (43... Ke8 $16 44. f5 gxf5) 44. Rc7 $18 {White is clearly winning.} Be6 45. Rc2 f5 46. exf6+ Kf7 47. Rc7 Rc8 48. Ra7 Rc6 49. Ba3+ {Precision: White = 67%, Black = 29%.} 1-0